Electronic instrumentation / (Record no. 89)
[ view plain ]
| 000 -LEADER | |
|---|---|
| fixed length control field | 00636nac a22001931u 4500 |
| 020 ## - INTERNATIONAL STANDARD BOOK NUMBER | |
| International Standard Book Number | 0070583706 |
| 082 00 - DEWEY DECIMAL CLASSIFICATION NUMBER | |
| Classification number | 621.381 |
| Item number | K148 |
| 090 ## - LOCALLY ASSIGNED LC-TYPE CALL NUMBER (OCLC); LOCAL CALL NUMBER (OCLC) | |
| -- | 89 |
| -- | 89 |
| 100 ## - MAIN ENTRY--PERSONAL NAME | |
| Personal name | Kalsi, H.S. |
| 245 10 - TITLE STATEMENT | |
| Title | Electronic instrumentation / |
| Statement of responsibility, etc | H.S. Kalsi. |
| 250 ## - EDITION STATEMENT | |
| Edition statement | 2nd ed. |
| 260 ## - PUBLICATION, DISTRIBUTION, ETC. (IMPRINT) | |
| Place of publication, distribution, etc | New Delhi |
| Date of publication, distribution, etc | 2004 |
| Name of publisher, distributor, etc | McGraw-Hill |
| 300 ## - PHYSICAL DESCRIPTION | |
| Extent | 801 p. |
| Other physical details | illus. |
| Dimensions | 23 cm. |
| 440 ## - | |
| -- | Electronic Engineering Series |
| 650 #0 - SUBJECT ADDED ENTRY--TOPICAL TERM | |
| Topical term or geographic name as entry element | Electronics. |
| 650 #0 - SUBJECT ADDED ENTRY--TOPICAL TERM | |
| Topical term or geographic name as entry element | Electronic instruments. |
| 942 ## - ADDED ENTRY ELEMENTS (KOHA) | |
| Item type | Book - Borrowing |
| Call number prefix | 621.381K148 |
| Withdrawn status | Item status | Damaged status | Not for loan | Home library | Current library | Shelving location | Date acquired | Source of acquisition | Total Checkouts | Total Renewals | Full call number | Barcode | Date last seen | Date last borrowed | Cost, replacement price | Koha item type |
|---|---|---|---|---|---|---|---|---|---|---|---|---|---|---|---|---|
| Central Library | Central Library | First floor | 07/06/2007 | Purchase | 1 | 24 | 621.381 KAL | 000004691 | 15/07/2025 | 11/10/2016 | 100.00 | Book - Borrowing |